Territoires d'outre-mer français - Statistiques

Statistiques générales
  • Ce quiz a été pris 1 686 fois
    1 644 depuis la dernière actualisation
  • Le résultat moyen est 11 sur 17
Statistiques - réponses
Statut / Océan Possession d'Outre-Mer % Correct
DROM/Indien La Réunion
95%
DROM/Atlantique Martinique
95%
DROM/Atlantique Guadeloupe
94%
DROM/Amérique du Sud Guyane
94%
DROM/Indien Mayotte
91%
COM/Pacifique Polynésie Française (Tahiti, Bora-Bora...)
85%
COM/Atlantique Saint-Pierre-et-Miquelon
81%
Collectivité/Pacifique Nouvelle-Calédonie
80%
COM/Pacifique Wallis-et-Futuna
74%
COM/Atlantique Saint-Martin
71%
COM/Atlantique Saint-Barthélémy
67%
Collectivité/Pacifique Clipperton
49%
TAAF/Antarctique Terre Adélie
46%
TAAF/Indien Îles Kerguelen
45%
TAAF/Indien Îles Saint-Paul et Nouvelle-Amsterdam
29%
TAAF/Indien Îles Éparses de l'Océan Indien (Juan de Nova, Bassas da India, Europa, Les Glorieuses, Tromelin)
27%
TAAF/Indien Îles Crozet
24%
Aucun quiz correspondant
Distribution des résultats
% des personnes avec chaque résultat
Percentile par nombre de réponses
Votre historique - résultats
Vous n’avez pas pris ce quiz depuis la dernière actualisation